[Event "ch-CHN 2020"]
[Site "Xinghua CHN"]
[Date "2020.12.27"]
[Round "8.3"]
[White "Lin, Yi"]
[Black "Wen, Yang"]
[Result "1/2-1/2"]
[WhiteTitle "IM"]
[BlackTitle "GM"]
[WhiteElo "2408"]
[BlackElo "2594"]
[WhiteFideId "8609659"]
[BlackFideId "8602956"]
[EventDate "2020.12.19"]

1. d4 d5 2. c4 e6 3. Nf3 Nf6 4. g3 dxc4 5. Bg2 Bb4+ 6. Bd2 a5 7. Qc2 b6 8. Bxb4
axb4 9. Qxc4 Nd5 10. Nbd2 Ba6 11. Qc2 Nd7 12. Nc4 O-O 13. O-O c5 14. Nce5 Nxe5
15. Nxe5 Rc8 16. dxc5 Rxc5 17. Qd1 Ne3 18. Qxd8 Rxd8 19. Nxf7 Kxf7 20. fxe3+ Ke7
21. Rf4 Bxe2 22. Rxb4 b5 23. Rd4 Rxd4 24. exd4 Rc2 25. a4 bxa4 26. Rxa4 Rxb2 27.
d5 exd5 28. Bxd5 Bh5 29. Ra2 Rxa2 30. Bxa2 Bf7 31. Bxf7 1/2-1/2

[Event "ch-CHN 2020"]
[Site "Xinghua CHN"]
[Date "2020.12.27"]
[Round "8.4"]
[White "Bai, Jinshi"]
[Black "Yu, Yangyi"]
[Result "1/2-1/2"]
[WhiteTitle "GM"]
[BlackTitle "GM"]
[WhiteElo "2618"]
[BlackElo "2709"]
[WhiteFideId "8602280"]
[BlackFideId "8603820"]
[EventDate "2020.12.19"]

1. d4 Nf6 2. c4 e6 3. Nf3 d5 4. Nc3 Bb4 5. cxd5 exd5 6. Bg5 h6 7. Bxf6 Qxf6 8.
Qb3 Qb6 9. a3 Ba5 10. Qc2 Bf5 11. Qa4+ Bd7 12. Qc2 Bxc3+ 13. Qxc3 O-O 14. e3 Rc8
15. Bd3 Bb5 16. Bxb5 Qxb5 17. a4 Qb6 18. b4 Nd7 19. O-O c6 20. Nd2 a6 21. Nb3
Re8 22. Nc5 Re7 23. Rfe1 Rae8 24. Nxd7 Rxd7 25. Qc5 Qxc5 26. bxc5 f5 27. f4 g5
28. g3 g4 29. h4 h5 30. a5 Kf7 31. Kf2 1/2-1/2

[Event "ch-CHN 2020"]
[Site "Xinghua CHN"]
[Date "2020.12.27"]
[Round "8.5"]
[White "Wei, Yi"]
[Black "Zhao, Jun"]
[Result "1-0"]
[WhiteTitle "GM"]
[BlackTitle "GM"]
[WhiteElo "2732"]
[BlackElo "2638"]
[WhiteFideId "8603405"]
[BlackFideId "8602522"]
[EventDate "2020.12.19"]

1. e4 c6 2. Nf3 d5 3. exd5 cxd5 4. d4 Nc6 5. c3 e6 6. Bd3 Bd6 7. O-O Nge7 8. Re1
Qc7 9. b3 b6 10. c4 Bb4 11. Re3 Bb7 12. a3 Bd6 13. Nc3 O-O-O 14. Nb5 Qd7 15.
Nxd6+ Qxd6 16. Bb2 Qf4 17. c5 Nf5 18. Bxf5 Qxf5 19. b4 bxc5 20. b5 Nxd4 21. Nxd4
cxd4 22. Bxd4 Rd7 23. Rc1+ Kd8 24. Rf3 Qe4 25. Re3 Qf5 26. Bxg7 d4 27. Rg3 Re8
28. Qd2 f6 29. Qa5+ Ke7 30. Qb4+ Kf7 31. Bh6 e5 32. b6 a5 33. Qb5 Red8 34. h3
Ke6 35. Rc6+ Bxc6 36. Qxc6+ Rd6 37. Qc4+ Rd5 38. Rb3 a4 39. Rb5 Qe4 40. b7 Rg8
41. Qc6+ Ke7 42. Bf8+ Kf7 43. Qc7+ Kg6 44. b8=Q 1-0

[Event "ch-CHN 2020"]
[Site "Xinghua CHN"]
[Date "2020.12.27"]
[Round "8.6"]
[White "Lu, Shanglei"]
[Black "Xu, Yinglun"]
[Result "1/2-1/2"]
[WhiteTitle "GM"]
[BlackTitle "GM"]
[WhiteElo "2615"]
[BlackElo "2554"]
[WhiteFideId "8603332"]
[BlackFideId "8604940"]
[EventDate "2020.12.19"]

1. e4 e6 2. d4 d5 3. Nc3 Nf6 4. e5 Nfd7 5. f4 c5 6. Nf3 Nc6 7. Be3 a6 8. a3 cxd4
9. Nxd4 Bc5 10. Qd2 O-O 11. O-O-O Rb8 12. h4 Bxd4 13. Bxd4 b5 14. Rh3 Nxd4 15.
Qxd4 Qe7 16. Qb4 Qd8 17. Qd4 Qe7 18. Qb4 Qd8 19. Qd4 Qe7 1/2-1/2

[Event "ch-CHN 2020"]
[Site "Xinghua CHN"]
[Date "2020.12.28"]
[Round "9.1"]
[White "Xu, Yinglun"]
[Black "Xu, Xiangyu"]
[Result "1/2-1/2"]
[WhiteTitle "GM"]
[BlackTitle "GM"]
[WhiteElo "2554"]
[BlackElo "2573"]
[WhiteFideId "8604940"]
[BlackFideId "8608288"]
[EventDate "2020.12.19"]

1. d4 Nf6 2. c4 e6 3. Nc3 Bb4 4. Nf3 d5 5. Bg5 h6 6. Bxf6 Qxf6 7. Qb3 c5 8. cxd5
exd5 9. dxc5 Bxc3+ 10. Qxc3 Qxc3+ 11. bxc3 Na6 12. Rd1 Be6 13. e4 dxe4 14. Bxa6
bxa6 15. Nd4 Rc8 16. Nxe6 fxe6 17. Rd6 O-O 18. Rxe6 Rxc5 19. Rxe4 Rxc3 20. O-O
Rc2 21. Ra4 Rf6 22. g4 Rb6 23. Kg2 Rbb2 24. a3 Rb6 25. Re1 Rf6 26. Rf1 Rb6 27.
Re1 Rf6 28. Rf1 Rb6 1/2-1/2

[Event "ch-CHN 2020"]
[Site "Xinghua CHN"]
[Date "2020.12.28"]
[Round "9.2"]
[White "Zhao, Jun"]
[Black "Lu, Shanglei"]
[Result "1/2-1/2"]
[WhiteTitle "GM"]
[BlackTitle "GM"]
[WhiteElo "2638"]
[BlackElo "2615"]
[WhiteFideId "8602522"]
[BlackFideId "8603332"]
[EventDate "2020.12.19"]

1. e4 c5 2. Nf3 d6 3. d4 cxd4 4. Nxd4 Nf6 5. Nc3 a6 6. Bg5 e6 7. f4 Qb6 8. Qd2
Qxb2 9. Rb1 Qa3 10. f5 Nc6 11. fxe6 fxe6 12. Nxc6 bxc6 13. Bd3 Be7 14. e5 dxe5
15. O-O O-O 16. Qe1 a5 17. Ne4 Ba6 18. Rb3 Bc5+ 19. Kh1 Nxe4 20. Rxa3 Rxf1+ 21.
Bxf1 Nf2+ 22. Kg1 Nh3+ 23. Kh1 Nf2+ 24. Kg1 Nh3+ 25. Kh1 Nf2+ 1/2-1/2

[Event "ch-CHN 2020"]
[Site "Xinghua CHN"]
[Date "2020.12.28"]
[Round "9.3"]
[White "Yu, Yangyi"]
[Black "Wei, Yi"]
[Result "1-0"]
[WhiteTitle "GM"]
[BlackTitle "GM"]
[WhiteElo "2709"]
[BlackElo "2732"]
[WhiteFideId "8603820"]
[BlackFideId "8603405"]
[EventDate "2020.12.19"]

1. d4 Nf6 2. c4 g6 3. Nc3 d5 4. cxd5 Nxd5 5. e4 Nxc3 6. bxc3 Bg7 7. Nf3 c5 8. h3
O-O 9. Be2 cxd4 10. cxd4 Nc6 11. Be3 Qa5+ 12. Bd2 Qa3 13. d5 Ne5 14. Rb1 Nxf3+
15. Bxf3 f5 16. e5 Bxe5 17. O-O Qd6 18. Re1 a5 19. Re2 b6 20. Qe1 Bf6 21. Qc1
Bb7 22. Bf4 Qd7 23. Rxb6 Rac8 24. Qe1 Rf7 25. Qxa5 g5 26. Qa7 Bc6 27. Qxd7 Bxd7
28. Rb7 gxf4 29. Rxd7 Rff8 30. a4 Rc1+ 31. Kh2 Kh8 32. a5 Ra1 33. Ra7 Rg8 34.
Rd2 Rf1 35. Rd1 Rxf2 36. a6 Ra2 37. d6 exd6 38. Rf7 Be5 39. a7 h6 40. Kh1 Ra4
41. Rb7 Bf6 42. Rxd6 1-0

[Event "ch-CHN 2020"]
[Site "Xinghua CHN"]
[Date "2020.12.28"]
[Round "9.4"]
[White "Wen, Yang"]
[Black "Bai, Jinshi"]
[Result "1/2-1/2"]
[WhiteTitle "GM"]
[BlackTitle "GM"]
[WhiteElo "2594"]
[BlackElo "2618"]
[WhiteFideId "8602956"]
[BlackFideId "8602280"]
[EventDate "2020.12.19"]

1. d4 d5 2. Nf3 Nf6 3. Bf4 Bf5 4. c4 e6 5. Qb3 Bd6 6. Bg5 dxc4 7. Qxc4 Nbd7 8.
Nc3 h6 9. Bh4 Be7 10. e3 O-O 11. Be2 c5 12. O-O Ne4 13. Bxe7 Qxe7 14. Rac1 cxd4
15. Qxd4 Ndf6 16. Qe5 Rac8 17. Nd4 Nxc3 18. Rxc3 Be4 19. Rfc1 Rxc3 20. Rxc3 Qb4
21. Qb5 Qxb5 22. Bxb5 a6 23. Be2 Bd5 24. a3 Rd8 25. f3 e5 26. Nb3 Bxb3 27. Rxb3
Rd7 28. Kf1 Kf8 29. f4 exf4 30. exf4 Ne4 1/2-1/2

[Event "ch-CHN 2020"]
[Site "Xinghua CHN"]
[Date "2020.12.28"]
[Round "9.5"]
[White "Zhang, Rui"]
[Black "Lin, Yi"]
[Result "0-1"]
[BlackTitle "IM"]
[WhiteElo "1658"]
[BlackElo "2408"]
[WhiteFideId "8620750"]
[BlackFideId "8609659"]
[EventDate "2020.12.19"]

1. e4 c5 2. c3 Nf6 3. e5 Nd5 4. d4 cxd4 5. Nf3 d6 6. cxd4 Nc6 7. Bc4 Nb6 8. Bd3
Bg4 9. h3 Bxf3 10. Qxf3 Nxd4 11. Qxb7 Qc8 12. Qxc8+ Rxc8 13. Nc3 dxe5 14. O-O e6
15. Be3 Bc5 16. Rac1 Ke7 17. Ba6 Rb8 18. Ne4 Bd6 19. Nxd6 Kxd6 20. f4 f6 21.
fxe5+ fxe5 22. Rf7 Nd5 23. Bxd4 exd4 24. b3 g5 25. Bc4 Ne3 26. Rxa7 Ra8 27. Rb7
Rxa2 28. Rb6+ Kc5 29. Rxe6 Rxg2+ 30. Kh1 Rc2 31. Re5+ Kb4 32. Rxc2 Nxc2 33. Rxg5
Ne3 34. Bd3 Kc3 35. Bb1 d3 36. Bxd3 Kxd3 37. Kh2 Ke4 38. Rg7 h5 39. Re7+ Kf4 40.
Rf7+ Nf5 41. Rc7 Rd8 42. Rc4+ Kf3 43. Rc3+ Ne3 44. h4 Rd2+ 45. Kh3 Rd1 46. Kh2
Kf2 0-1

[Event "ch-CHN 2020"]
[Site "Xinghua CHN"]
[Date "2020.12.28"]
[Round "9.6"]
[White "Ju, Wenjun"]
[Black "Huang, Renjie"]
[Result "1-0"]
[WhiteTitle "GM"]
[WhiteElo "2560"]
[BlackElo "2422"]
[WhiteFideId "8603006"]
[BlackFideId "8610134"]
[EventDate "2020.12.19"]

1. e4 c5 2. Nf3 Nc6 3. Bb5 g6 4. O-O Bg7 5. c3 Nf6 6. Re1 O-O 7. d4 d5 8. e5 Ne4
9. Be3 Qb6 10. Bxc6 bxc6 11. Qc1 c4 12. Nbd2 Nxd2 13. Nxd2 Bf5 14. b3 Qa6 15.
Bg5 f6 16. Bf4 fxe5 17. Bxe5 Bh6 18. bxc4 dxc4 19. f4 c5 20. Nf3 Rad8 21. dxc5
Qc6 22. Qe3 Rd3 23. Qf2 Be4 24. Nd4 Qd5 25. Qe2 Bf5 26. c6 Bc8 27. Qf2 Rxc3 28.
Nf5 Rxf5 29. Bxc3 Rxf4 30. Qe2 Rf5 31. Rad1 Qxc6 32. Qxe7 Bb7 33. Rd8+ Rf8 34.
Rxf8+ Bxf8 35. Qe2 Bc8 36. Qe5 Qc5+ 37. Kf1 Qxe5 38. Rxe5 Bf5 39. Ra5 Bd6 40. g3
Kf8 41. Rxa7 h5 42. a4 Ke8 43. a5 Be4 44. a6 Kd8 45. Rg7 Kc8 46. a7 Bc5 47. Rg8+ 1-0

[Event "ch-CHN 2020"]
[Site "Xinghua CHN"]
[Date "2020.12.29"]
[Round "10.1"]
[White "Xu, Xiangyu"]
[Black "Huang, Renjie"]
[Result "1/2-1/2"]
[WhiteTitle "GM"]
[WhiteElo "2573"]
[BlackElo "2422"]
[WhiteFideId "8608288"]
[BlackFideId "8610134"]
[EventDate "2020.12.19"]

1. g3 d5 2. Nf3 Nf6 3. Bg2 c5 4. d4 cxd4 5. O-O e6 6. Nxd4 e5 7. Nb3 Nc6 8. Bg5
Be6 9. Nc3 d4 10. Ne4 Be7 11. Bxf6 Bxf6 12. Nbc5 Bc8 13. c3 Be7 14. cxd4 exd4
15. b4 O-O 16. a3 a5 17. Qa4 Qb6 18. b5 Na7 19. Qxd4 Nxb5 20. Qc4 Bf5 21. Na4
Qg6 22. Qxb5 Bxe4 23. Rfd1 Rad8 24. Bxe4 Qxe4 25. Nc3 Qc6 26. Qxc6 bxc6 27. Rdc1
Rd4 28. Nd1 Ra4 29. Rxc6 Rxa3 30. Rxa3 Bxa3 1/2-1/2

[Event "ch-CHN 2020"]
[Site "Xinghua CHN"]
[Date "2020.12.29"]
[Round "10.2"]
[White "Lin, Yi"]
[Black "Ju, Wenjun"]
[Result "1/2-1/2"]
[WhiteTitle "IM"]
[BlackTitle "GM"]
[WhiteElo "2408"]
[BlackElo "2560"]
[WhiteFideId "8609659"]
[BlackFideId "8603006"]
[EventDate "2020.12.19"]

1. d4 d5 2. c4 c6 3. cxd5 cxd5 4. Bf4 Nc6 5. e3 Nf6 6. Nc3 a6 7. Be2 Bf5 8. Nf3
e6 9. Qb3 Nh5 10. Qxb7 Na5 11. Qc7 Nxf4 12. Qxd8+ Rxd8 13. exf4 Rb8 14. O-O-O
Bb4 15. Bd3 Bg4 16. Bxa6 Bxf3 17. gxf3 Bxc3 18. bxc3 Rb6 19. Bd3 Ke7 20. Kc2 Rc8
21. Rc1 g6 22. Kd2 Rb2+ 23. Rc2 Rb6 24. Rcc1 Rb2+ 25. Rc2 Rb6 26. Rcc1 1/2-1/2

[Event "ch-CHN 2020"]
[Site "Xinghua CHN"]
[Date "2020.12.29"]
[Round "10.3"]
[White "Bai, Jinshi"]
[Black "Zhang, Rui"]
[Result "1-0"]
[WhiteTitle "GM"]
[WhiteElo "2618"]
[BlackElo "1658"]
[WhiteFideId "8602280"]
[BlackFideId "8620750"]
[EventDate "2020.12.19"]

1. Nf3 Nf6 2. c4 e6 3. g3 d5 4. Bg2 Be7 5. O-O O-O 6. b3 c5 7. cxd5 exd5 8. d4
Nc6 9. Bb2 Ne4 10. Nc3 Bf6 11. Na4 b5 12. Nxc5 Nxc5 13. Rc1 Nxb3 14. Qxb3 Qd6
15. Ne5 Na5 16. Qxb5 Rb8 17. Qxa5 Rxb2 18. Bxd5 Be6 19. Nc4 Rxa2 20. Bxe6 Rxa5
21. Bxf7+ Kxf7 22. Nxd6+ Ke6 23. Nb7 Ra2 24. Nc5+ Kd6 25. e3 a5 26. Ra1 Rxa1 27.
Rxa1 Ra8 28. Rxa5 Rxa5 29. Nb7+ Kd5 30. Nxa5 Ke4 31. Nb7 Kf3 32. d5 1-0

[Event "ch-CHN 2020"]
[Site "Xinghua CHN"]
[Date "2020.12.29"]
[Round "10.4"]
[White "Wei, Yi"]
[Black "Wen, Yang"]
[Result "1-0"]
[WhiteTitle "GM"]
[BlackTitle "GM"]
[WhiteElo "2732"]
[BlackElo "2594"]
[WhiteFideId "8603405"]
[BlackFideId "8602956"]
[EventDate "2020.12.19"]

1. e4 e5 2. Nf3 Nc6 3. Bb5 g6 4. d4 exd4 5. c3 a6 6. Bc4 b5 7. Bb3 Bg7 8. cxd4
Nge7 9. d5 Na5 10. Bd2 Nxb3 11. axb3 d6 12. Bc3 f6 13. O-O O-O 14. Na3 Qe8 15.
Re1 Bd7 16. Nc2 Qf7 17. Qd2 Rfd8 18. Ba5 Rdc8 19. Nb4 c5 20. dxc6 Nxc6 21. Nd5
Nxa5 22. Qxa5 Rcb8 23. Rec1 f5 24. Ng5 Qf8 25. Qc7 Qd8 26. Qxd6 Qxg5 27. Qxd7
fxe4 28. Rc7 Qe5 29. Ne7+ Kh8 30. Nc8 h5 31. Rd1 e3 32. fxe3 Qxe3+ 33. Kh1 Qe5
34. Ne7 Rb6 35. Rc6 Qxe7 36. Rxb6 1-0

[Event "ch-CHN 2020"]
[Site "Xinghua CHN"]
[Date "2020.12.29"]
[Round "10.5"]
[White "Lu, Shanglei"]
[Black "Yu, Yangyi"]
[Result "1/2-1/2"]
[WhiteTitle "GM"]
[BlackTitle "GM"]
[WhiteElo "2615"]
[BlackElo "2709"]
[WhiteFideId "8603332"]
[BlackFideId "8603820"]
[EventDate "2020.12.19"]

1. e4 e5 2. Bc4 Nf6 3. d3 c6 4. Nf3 d5 5. Bb3 a5 6. a4 Bb4+ 7. c3 Bd6 8. exd5
cxd5 9. Bg5 Be6 10. Na3 h6 11. Bh4 Nc6 12. Nb5 Bb8 13. O-O O-O 14. Re1 Ra6 15.
h3 Re8 16. Rc1 Qd7 17. Bg3 Bf5 18. d4 e4 19. Bxb8 Rxb8 20. Ne5 Qe7 21. f4 Be6
22. c4 dxc4 23. Bxc4 Bxc4 24. Rxc4 Rd8 25. Qc1 Rb6 26. Nc3 Nxd4 27. Nxe4 Ne6 28.
f5 Nd4 29. Qf4 Rb4 30. Rxb4 axb4 31. Ng4 1/2-1/2

[Event "ch-CHN 2020"]
[Site "Xinghua CHN"]
[Date "2020.12.29"]
[Round "10.6"]
[White "Xu, Yinglun"]
[Black "Zhao, Jun"]
[Result "1/2-1/2"]
[WhiteTitle "GM"]
[BlackTitle "GM"]
[WhiteElo "2554"]
[BlackElo "2638"]
[WhiteFideId "8604940"]
[BlackFideId "8602522"]
[EventDate "2020.12.19"]

1. c4 c6 2. d4 d5 3. cxd5 cxd5 4. Bf4 Nf6 5. Nc3 Nc6 6. e3 a6 7. Bd3 Bg4 8. Nge2
e6 9. f3 Bh5 10. O-O Bd6 11. Rc1 O-O 12. Na4 e5 13. dxe5 Bxe5 14. Qb3 Qe7 15.
Kh1 Bg6 16. Bxg6 hxg6 17. Bg5 Rad8 18. Nc5 Na5 19. Qb4 Nc4 20. b3 Bd6 21. Qxb7
Qe5 22. Bf4 Qb2 23. bxc4 Qxe2 24. Rfe1 Qxa2 25. Qxa6 Qxa6 26. Nxa6 Bxf4 27. exf4
dxc4 28. Rxc4 Rd2 29. Nb4 Ra8 30. Kg1 Kh7 31. g3 Ra3 32. Rc2 Rd6 33. Nc6 Nd7 34.
Kg2 f6 35. Re7 Nb6 36. Nb4 Rb3 37. Rcc7 Rb2+ 38. Kh3 Nd7 39. Rcxd7 Rxd7 40. Rxd7
Rxb4 1/2-1/2

[Event "ch-CHN 2020"]
[Site "Xinghua CHN"]
[Date "2020.12.30"]
[Round "11.1"]
[White "Zhao, Jun"]
[Black "Xu, Xiangyu"]
[Result "1/2-1/2"]
[WhiteTitle "GM"]
[BlackTitle "GM"]
[WhiteElo "2638"]
[BlackElo "2573"]
[WhiteFideId "8602522"]
[BlackFideId "8608288"]
[EventDate "2020.12.19"]

1. e4 c5 2. Nf3 Nc6 3. Nc3 e6 4. d4 cxd4 5. Nxd4 Nf6 6. Be2 Bb4 7. Qd3 d5 8.
Nxc6 bxc6 9. e5 Ne4 10. O-O Bxc3 11. bxc3 Qa5 12. a4 Nxc3 13. Bd2 Nxe2+ 14. Qxe2
Ba6 15. Bxa5 Bxe2 16. Rfe1 Ba6 17. Bb4 Kd7 18. Bc5 Rhb8 19. Reb1 Bc4 20. f4 Kc8
21. Kf2 Rxb1 22. Rxb1 Rb8 23. Rxb8+ Kxb8 24. Ke3 Bf1 25. Kf2 Bc4 26. Ke3 Bf1 1/2-1/2

[Event "ch-CHN 2020"]
[Site "Xinghua CHN"]
[Date "2020.12.30"]
[Round "11.2"]
[White "Yu, Yangyi"]
[Black "Xu, Yinglun"]
[Result "1/2-1/2"]
[WhiteTitle "GM"]
[BlackTitle "GM"]
[WhiteElo "2709"]
[BlackElo "2554"]
[WhiteFideId "8603820"]
[BlackFideId "8604940"]
[EventDate "2020.12.19"]

1. d4 d5 2. c4 e6 3. Nc3 Nf6 4. Nf3 c5 5. cxd5 Nxd5 6. e4 Nxc3 7. bxc3 cxd4 8.
cxd4 Bb4+ 9. Bd2 Bxd2+ 10. Qxd2 O-O 11. Bc4 Nd7 12. O-O b6 13. d5 Nc5 14. Qd4
exd5 15. exd5 Qd6 16. Rfe1 Bb7 17. Rad1 Rfe8 18. Ne5 f6 19. Nc6 a6 20. a3 Kh8
21. Qc3 Na4 22. Qc1 Bxc6 23. dxc6 Qxc6 24. Bxa6 Rxe1+ 25. Rxe1 Qxc1 26. Rxc1 Nc5
27. Bc4 Rxa3 28. Rb1 g5 29. Rxb6 Ra1+ 30. Bf1 Ne4 1/2-1/2

[Event "ch-CHN 2020"]
[Site "Xinghua CHN"]
[Date "2020.12.30"]
[Round "11.3"]
[White "Wen, Yang"]
[Black "Lu, Shanglei"]
[Result "0-1"]
[WhiteTitle "GM"]
[BlackTitle "GM"]
[WhiteElo "2594"]
[BlackElo "2615"]
[WhiteFideId "8602956"]
[BlackFideId "8603332"]
[EventDate "2020.12.19"]

1. e4 c5 2. Nf3 d6 3. Bb5+ Nc6 4. O-O g6 5. d4 cxd4 6. Qxd4 f6 7. Qd5 Bd7 8. Bc4
e6 9. Qd3 a6 10. a4 Qc7 11. Nc3 Nh6 12. Bb3 Ng4 13. h3 Nge5 14. Qd1 Bg7 15. Nd4
Nxd4 16. Qxd4 f5 17. Qd1 fxe4 18. Nxe4 d5 19. Nc3 O-O 20. Be3 Nc6 21. Ne2 Na5
22. c3 b5 23. axb5 Nxb3 24. Qxb3 Bxb5 25. Rfe1 Bc4 26. Qc2 e5 27. Qd2 a5 28. f4
d4 29. cxd4 Bxe2 30. Rxe2 exf4 31. Bf2 f3 32. gxf3 Rxf3 33. Kg2 Raf8 34. Qxa5
Qb7 35. d5 Rxf2+ 0-1

[Event "ch-CHN 2020"]
[Site "Xinghua CHN"]
[Date "2020.12.30"]
[Round "11.4"]
[White "Zhang, Rui"]
[Black "Wei, Yi"]
[Result "0-1"]
[BlackTitle "GM"]
[WhiteElo "1658"]
[BlackElo "2732"]
[WhiteFideId "8620750"]
[BlackFideId "8603405"]
[EventDate "2020.12.19"]

1. e4 Nf6 2. e5 Nd5 3. d4 d6 4. Nf3 g6 5. Bc4 Nb6 6. Bb3 Bg7 7. Bf4 Nc6 8. O-O
O-O 9. c3 Bg4 10. h3 dxe5 11. dxe5 Qxd1 12. Bxd1 Bxf3 13. Bxf3 Nc4 14. Na3 N4xe5
15. Bxc6 bxc6 16. Bxe5 Bxe5 17. Nc4 Bd6 18. b4 Rfb8 19. Rfe1 Kf8 20. Rad1 Rb5
21. g3 Rd5 22. Kg2 Ke8 23. Na5 Rxd1 24. Rxd1 c5 25. Nc6 Kd7 26. Ne5+ Ke6 27. Nc6
cxb4 28. cxb4 f6 29. a3 Kd7 30. Rc1 e5 31. Kf3 f5 32. Rc3 Ke6 33. Ke2 Kd5 34.
Na5 Rb8 35. Rd3+ Ke6 36. Nc6 Rb6 37. Nxa7 Kd7 38. b5 Rb7 39. Nc6 Rxb5 40. Nb4 e4
41. Rd5 Rxd5 42. Nxd5 Bxa3 43. f3 exf3+ 44. Kxf3 Bd6 45. g4 Ke6 46. Ne3 f4 47.
Nc2 Kd5 48. h4 c5 49. h5 c4 50. hxg6 hxg6 51. Ne1 Kd4 52. Nc2+ Kd3 53. Ne1+ Kd2
54. Kf2 c3 55. Nf3+ Kd1 0-1

[Event "ch-CHN 2020"]
[Site "Xinghua CHN"]
[Date "2020.12.30"]
[Round "11.5"]
[White "Ju, Wenjun"]
[Black "Bai, Jinshi"]
[Result "1/2-1/2"]
[WhiteTitle "GM"]
[BlackTitle "GM"]
[WhiteElo "2560"]
[BlackElo "2618"]
[WhiteFideId "8603006"]
[BlackFideId "8602280"]
[EventDate "2020.12.19"]

1. d4 d5 2. c4 c6 3. cxd5 cxd5 4. Nc3 Nf6 5. Bf4 e6 6. e3 Bd6 7. Bxd6 Qxd6 8.
Bd3 O-O 9. Nf3 Nc6 10. O-O Bd7 11. Rc1 Rac8 12. a3 a6 13. h3 Rc7 14. e4 dxe4 15.
Nxe4 Nxe4 16. Bxe4 h6 17. d5 exd5 18. Bxd5 Be6 19. Bxc6 Rxc6 20. Rxc6 Qxc6 21.
Nd4 Qb6 22. Nxe6 Qxe6 23. Re1 Qb6 24. Qc2 Qd6 25. Qd1 Qb6 26. Qc2 Qd6 27. Qd1
Qb6 28. Qc2 1/2-1/2

[Event "ch-CHN 2020"]
[Site "Xinghua CHN"]
[Date "2020.12.30"]
[Round "11.6"]
[White "Huang, Renjie"]
[Black "Lin, Yi"]
[Result "1/2-1/2"]
[BlackTitle "IM"]
[WhiteElo "2422"]
[BlackElo "2408"]
[WhiteFideId "8610134"]
[BlackFideId "8609659"]
[EventDate "2020.12.19"]

1. e4 e5 2. Nf3 Nc6 3. Bb5 Nf6 4. O-O Nxe4 5. Re1 Nd6 6. Nxe5 Be7 7. Bf1 Nxe5 8.
Rxe5 O-O 9. d4 Bf6 10. Re1 Re8 11. Bf4 Rxe1 12. Qxe1 Ne8 13. c3 d5 14. Bd3 g6
15. Nd2 Ng7 16. Qe2 c6 17. Re1 Bf5 18. Bxf5 Nxf5 19. Nf3 Ng7 20. Be5 Ne6 21.
Bxf6 Qxf6 22. Ne5 Re8 23. Ng4 Qd8 24. Qe5 Ng7 25. Qxe8+ Nxe8 26. Rxe8+ Qxe8 27.
Nf6+ Kf8 28. Nxe8 Kxe8 29. Kf1 Ke7 30. Ke2 Ke6 1/2-1/2